[Event "45th Olympiad 2024"]
[Site "Budapest HUN"]
[Date "2024.09.16"]
[Round "6.18"]
[Board "1"]
[White "Keymer, Vincent"]
[Black "Gascon Del Nogal, Jose Rafael"]
[Result "1-0"]
[WhiteElo "2730"]
[BlackElo "2454"]
[PlyCount "55"]
[EventDate "2024.09.11"]
[WhiteTeam "Germany"]
[BlackTeam "Venezuela"]
[WhiteTeamCountry "GER"]
[BlackTeamCountry "VEN"]

1. c4 e6 2. Nc3 d5 3. d4 h6 4. cxd5 exd5 5. Bf4 c6 6. e3 Bf5 7. Nge2 ({RR} 7. Bd3 Bxd3 8. Qxd3 Nf6 9. Nge2 Nbd7 10. O-O Be7 11. h3 O-O 12. Rad1 Re8 13. f3 c5 14. dxc5 Nxc5 15. Qd2 Ne6 16. Be5 Nd7 17. Bg3 Nf6 18. Nxd5 Nxd5 19. Qxd5 Qb6 20. Qb3 Qxb3 21. axb3 Rac8 {0-1 Giri,A (2764)-Nihal,S (2670) chess.com SpeedChess 2022 (1.18)}) ({RR} 7. Nf3 Nf6 8. Bd3 Bxd3 9. Qxd3 Nbd7 10. O-O Be7 11. h3 O-O 12. Bh2 Re8 13. Nh4 Ng4 14. hxg4 Bxh4 15. Rae1 Be7 16. Qf5 Nf6 17. Be5 Qc8 18. f3 Qxf5 19. gxf5 Nd7 20. Bg3 Nb6 21. e4 dxe4 {1-0 Keymer,V (2696)-Nihal,S (2670) World Blitz 2022 (13.10)}) 7... Nd7 $146 ({RR} 7... Bd6 8. Ng3 Bg6 9. Bd3 Bxf4 10. exf4 Bxd3 11. Qxd3 Nf6 12. Qe3+ Qe7 13. Nf5 Qxe3+ 14. fxe3 O-O 15. h3 Nbd7 16. g4 Nb6 17. Kf2 Rfe8 18. b3 Rad8 19. Rhg1 Nc8 20. g5 hxg5 21. Rxg5 g6 22. Rag1 {1-0 Sarana,A (2693)-Nihal,S (2694) chess.com SpeedChess 2023 (1.2)}) ({RR} 7... Bd6 8. Ng3 Bg6 9. Bxd6 Qxd6 10. Qb3 b6 11. Rd1 Nf6 12. Bd3 Bxd3 13. Rxd3 O-O 14. O-O Re8 15. Re1 Nbd7 16. Rdd1 h5 17. f3 Qe6 18. Qc2 c5 19. Nf1 g6 20. Rd2 Qc6 21. Red1 c4 22. Re2 {½-½ Dubkov,A (2340)-Lafkidis,A (1978) 17th Paleochora Open 2024 (3.13)}) ({RR} 7... Bd6 8. Bxd6 Qxd6 9. Ng3 Bg6 10. h4 Ne7 11. h5 Bh7 12. Bd3 Bxd3 13. Qxd3 Nd7 14. O-O-O O-O-O 15. Nge2 Kb8 16. f3 Rhe8 17. Qc2 Nb6 18. b3 a6 19. Kb1 Nec8 20. e4 f6 21. Qc1 Qb4 22. Qb2 {0-1 Bluebaum,M (2663)-Deac,B (2700) PRO League Prelim 2023 (2.4)}) 8. h4 Qb6 9. Qd2 Ngf6 10. f3 h5 11. Ng3 Bg6 12. O-O-O Bb4 13. Bd3 O-O 14. Bxg6 fxg6 15. Nge2 Rfe8 16. Qd3 Nf8 17. a3 Be7 18. Bg5 Qb3 19. Nf4 Rac8 20. Rd2 Kf7 21. e4 c5 22. Ncxd5 Qa2 23. Nxe7 cxd4+ 24. Nxc8 Rxc8+ 25. Rc2 Qa1+ 26. Kd2 Rxc2+ 27. Kxc2 Qxh1 28. e5 1-0

[Event "45th Olympiad 2024"]
[Site "Budapest HUN"]
[Date "2024.09.16"]
[Round "6.19"]
[Board "1"]
[White "Cheparinov, Ivan"]
[Black "Amartuvshin, Ganzorig"]
[Result "1-0"]
[WhiteElo "2628"]
[BlackElo "2402"]
[PlyCount "49"]
[EventDate "2024.09.11"]
[WhiteTeam "Bulgaria"]
[BlackTeam "Mongolia"]
[WhiteTeamCountry "BUL"]
[BlackTeamCountry "MGL"]

1. e4 e5 2. Bc4 Nc6 3. Nf3 Bc5 4. d3 Nf6 5. c3 a6 6. O-O Ba7 7. a4 O-O 8. Re1 d6 9. h3 h6 10. Nbd2 Re8 11. b4 Be6 12. Bxe6 Rxe6 13. Qc2 b5 $146 ({RR} 13... Qd7 14. Rb1 b5 15. Ra1 Rae8 16. Nf1 d5 17. Bd2 Rd8 18. Ng3 dxe4 19. dxe4 Rd6 20. Be3 Bxe3 21. Rxe3 Rd1+ 22. Re1 Rxa1 23. Rxa1 Qd3 24. Qxd3 Rxd3 25. axb5 axb5 26. Rc1 g6 27. Kf1 Nd7 28. c4 {½-½ Mishra,A (2535)-Theodorou,N (2567) Saint Louis Summer-A 2022 (9)}) ({RR} 13... d5 14. Nb3 Bb6 15. Bd2 dxe4 16. dxe4 Nh5 17. c4 Nd4 18. Nfxd4 Bxd4 19. Ra3 Rd6 20. c5 Rd7 21. Nxd4 Rxd4 22. Be3 Rxb4 23. Qc3 Rxe4 24. f3 Rh4 25. Bf2 Nf4 26. Qxe5 Ng6 27. Bxh4 Qxh4 28. Re4 {1-0 Nigmatov,O (2430)-Saydaliev,S (2463) ch-UZB 2024 Tashkent UZB (18.11)}) 14. Nf1 d5 15. Ng3 Qd7 16. axb5 axb5 17. Be3 dxe4 18. dxe4 Ree8 19. Qe2 Bxe3 20. Qxe3 Rxa1 21. Rxa1 Nb8 22. Nh4 Kh7 23. Nhf5 Re6 24. Nxg7 Ng4 25. Nxe6 1-0

[Event "45th Olympiad 2024"]
[Site "Budapest HUN"]
[Date "2024.09.16"]
[Round "6.19"]
[Board "4"]
[White "Munkhdalai, Amilal"]
[Black "Grigorov, Grigor"]
[Result "1/2-1/2"]
[WhiteElo "2374"]
[BlackElo "2514"]
[PlyCount "74"]
[EventDate "2024.09.11"]
[WhiteTeam "Mongolia"]
[BlackTeam "Bulgaria"]
[WhiteTeamCountry "MGL"]
[BlackTeamCountry "BUL"]

1. e4 e5 2. Nf3 Nc6 3. Bb5 a6 4. Ba4 Nge7 5. d4 exd4 6. Nxd4 Nxd4 7. Qxd4 Nc6 8. Bxc6 dxc6 9. Qxd8+ Kxd8 10. Nc3 Be6 11. Bg5+ $146 ({RR} 11. Bf4 Kc8 12. O-O-O Bb4 13. Ne2 Re8 14. a3 Bc5 15. f3 b6 16. Nd4 Bxd4 17. Rxd4 c5 18. Rd2 Rd8 19. Rhd1 Rxd2 20. Rxd2 Kb7 21. Be5 f6 22. Bc3 h5 23. e5 fxe5 24. Bxe5 g6 25. Re2 Re8 {½-½ Ljukin,S (2362)-Sakun,V (2301) Titled Tue 10th Sep Early 2024 (3)}) ({RR} 11. Be3 Kc8 12. h4 h5 13. Ne2 Bd6 14. f3 b6 15. Kf2 Kb7 16. Nd4 Bd7 17. Nf5 Bf8 18. Rhd1 Be6 19. Nd4 Bd7 20. Nf5 Be6 21. a4 a5 22. Nd4 Bd7 23. Nf5 Be6 24. Rd2 Re8 25. Rad1 g6 {½-½ Hovhannisyan,R (2611)-Murzin,V (2650) Stepan Avagyan Mem 2024 (4.2)}) 11... f6 12. O-O-O+ Kc8 13. Bd2 Bc5 14. f3 a5 15. b3 b6 16. Ne2 Re8 17. Bc3 Bd6 18. Nd4 Bd7 19. g4 c5 20. Nf5 Bf8 21. Kb1 a4 22. h4 axb3 23. axb3 c4 24. bxc4 Bxf5 25. exf5 Ra4 26. Rhe1 Rxe1 27. Rxe1 Bb4 28. Bxb4 Rxb4+ 29. Kc1 Kd7 30. Re4 Ra4 31. Kb2 Rb4+ 32. Ka2 Ra4+ 33. Kb3 Ra1 34. Rd4+ Kc6 35. h5 Rf1 36. Rd3 h6 37. Kb2 Re1 1/2-1/2

[Event "45th Olympiad 2024"]
[Site "Budapest HUN"]
[Date "2024.09.16"]
[Round "6.20"]
[Board "3"]
[White "Hossain, Enamul"]
[Black "Antal, Gergely"]
[Result "1/2-1/2"]
[WhiteElo "2354"]
[BlackElo "2544"]
[PlyCount "84"]
[EventDate "2024.09.11"]
[WhiteTeam "Bangladesh"]
[BlackTeam "Hungary B"]
[WhiteTeamCountry "BAN"]

1. e4 c5 2. Nf3 Nc6 3. d4 cxd4 4. Nxd4 Nf6 5. Nc3 e5 6. Ndb5 d6 7. Bg5 a6 8. Na3 b5 9. Bxf6 gxf6 10. Nd5 f5 11. c3 Bg7 12. exf5 Bxf5 13. Nc2 O-O 14. Nce3 Bd7 15. Bd3 f5 16. Qh5 e4 17. Bc2 Kh8 ({RR} 17... Qe8 18. Qh4 b4 19. O-O bxc3 20. bxc3 Ne5 21. f3 Ng6 22. Qh5 Rc8 23. fxe4 fxe4 24. Rxf8+ Nxf8 25. Qh4 Ng6 26. Nf6+ Kf8 27. Nxh7+ Kg8 28. Nf6+ Bxf6 29. Qxf6 Kh7 30. Rf1 Qe6 31. Qd4 Bc6 32. Bb3 {1-0 Antal,G (2465)-Todorovic,G (2467) Budapest FS10 GM 2002 (11)}) 18. O-O Qe8 $146 ({RR} 18... Ne5 19. Rad1 Ra7 20. Rd2 Be8 21. Qh3 Qg5 22. Kh1 Bh5 23. f4 exf3 24. gxf3 Qh6 25. Rg2 Bg6 26. Qxh6 Bxh6 27. f4 Nc6 28. a4 Bg7 29. axb5 axb5 30. Bd3 Rb7 31. Ra1 Ne7 32. Nxe7 Rxe7 33. Nd5 {½-½ Kosmac,B (2160)-Bokros,A (2365) SLO-HUN m U18 1998 (2)}) ({RR} 18... Ne5 19. f3 exf3 20. Nxf5 Be8 21. Qh3 Qg5 22. Nxd6 Bh5 23. Ne4 Qxg2+ 24. Qxg2 fxg2 25. Rxf8+ Rxf8 26. Kxg2 Bf3+ 27. Kg1 Bh6 28. Ndf6 Be3+ {0-1 Ruck,T (2265)-Peter,A (2335) HUN-chT 9596 1995 (12)}) 19. Qh4 ({RR} 19. Qxe8 Raxe8 20. f4 exf3 21. Rxf3 f4 22. Nxf4 Rxe3 23. Ng6+ hxg6 24. Rxe3 Ne5 25. Bb3 Bf5 26. Rd1 Rd8 27. a4 bxa4 28. Bxa4 Nc4 29. Re8+ Rxe8 30. Bxe8 Be5 31. Ra1 Nxb2 32. Rxa6 Kg7 33. Bb5 Nd1 {0-1 Golubev,M (2461)-Caruana,F (2804) Titled Tue 6th Feb Early 2024 (3)}) 19... Ne5 20. Nb6 Ra7 21. Nxd7 Rxd7 22. Qh3 d5 23. f3 f4 24. Nf5 Ng6 25. Rae1 e3 26. Nxe3 Re7 27. Bxg6 Qxg6 28. Nxd5 Rxe1 29. Rxe1 Qc2 30. Qh4 Qxb2 31. h3 Bxc3 32. Re7 Bg7 33. Kh2 Qd4 34. Qg5 Bf6 35. Nxf6 Qxf6 36. Qxf6+ Rxf6 37. h4 Rc6 38. Ra7 h5 39. a3 Kg8 40. Kh3 Rd6 41. Kh2 Rc6 42. Kh3 Rd6 1/2-1/2

[Event "45th Olympiad 2024"]
[Site "Budapest HUN"]
[Date "2024.09.16"]
[Round "6.21"]
[Board "1"]
[White "Ziska, Helgi Dam"]
[Black "Fedoseev, Vladimir3"]
[Result "0-1"]
[WhiteElo "2553"]
[BlackElo "2692"]
[PlyCount "80"]
[EventDate "2024.09.11"]
[WhiteTeam "Faroe Islands"]
[BlackTeam "Slovenia"]
[WhiteTeamCountry "FAI"]
[BlackTeamCountry "SLO"]

1. e4 c6 2. d4 d5 3. Nc3 dxe4 4. Nxe4 Nf6 5. Nxf6+ exf6 6. c3 Bd6 7. Bd3 O-O 8. Ne2 Re8 9. O-O Nd7 10. Bf4 Be7 ({RR} 10... Nf8 11. Bxd6 Qxd6 12. Re1 g6 13. Ng3 Rxe1+ 14. Qxe1 f5 15. Qe8 Rb8 16. Qe2 Be6 17. Bc4 Re8 18. Re1 Bd7 19. Qd2 Rxe1+ 20. Qxe1 Be6 21. Bxe6 Nxe6 22. Nf1 Qd5 23. b3 Nf4 24. f3 Ne6 25. Qe3 {1-0 Carlsen,M (2863)-Svane,R (2613) Katara Bullet Final blitz 2020 (1.1)}) ({RR} 10... Nf8 11. Bxd6 Qxd6 12. Qc2 Ng6 13. Ng3 Be6 14. Rae1 Rad8 15. Ne4 Qf4 16. Nc5 Bc8 17. a4 b6 18. Ne4 f5 19. Ng3 Nh4 20. a5 g6 21. axb6 axb6 22. Ra1 c5 23. dxc5 bxc5 24. Bb5 Rf8 25. Rad1 {0-1 Nikologorsky,M (2182)-Kosteniuk,A (2516) Titled Tuesday intern op 08th Feb Early blitz 2022 (1)}) 11. Re1 $146 ({RR} 11. Ng3 Nf8 12. Nf5 Bxf5 13. Bxf5 g6 14. Bc2 Ne6 15. Bg3 Ng7 16. Qf3 Nh5 17. Rfe1 Nxg3 18. hxg3 Kg7 19. Re2 Bd6 20. Rae1 Rxe2 21. Qxe2 {½-½ Breyther,R (2325)-Bobzin,P Hamburg op 1992 (5)}) 11... Nf8 12. Bg3 f5 13. Qb3 Bg5 14. Bc4 Be6 15. Bxe6 Nxe6 16. f4 Bf6 17. Qxb7 c5 18. Bf2 cxd4 19. Rad1 Qa5 20. b4 Qxa2 21. cxd4 Rab8 22. Qf3 g6 23. d5 Nf8 24. Nd4 Rxe1+ 25. Bxe1 Re8 26. Nc6 Re2 27. Kf1 Re4 28. Bf2 Nd7 29. g3 Nb6 30. Qd3 Nc4 31. d6 Qa4 32. Ne7+ Kg7 33. d7 Bxe7 34. Qc3+ Kh6 35. d8=Q Bxd8 36. Rxd8 Qa2 37. Qd3 Qb2 38. Kg1 Re2 39. Qf3 Qc1+ 40. Kg2 Ne3+ 0-1

[Event "45th Olympiad 2024"]
[Site "Budapest HUN"]
[Date "2024.09.16"]
[Round "6.21"]
[Board "2"]
[White "Demchenko, Anton"]
[Black "Nielsen, Hogni Egilstoft"]
[Result "1/2-1/2"]
[WhiteElo "2597"]
[BlackElo "2379"]
[PlyCount "292"]
[EventDate "2024.09.11"]
[WhiteTeam "Slovenia"]
[BlackTeam "Faroe Islands"]
[WhiteTeamCountry "SLO"]
[BlackTeamCountry "FAI"]

1. e4 e5 2. Nf3 Nc6 3. Bc4 Nf6 4. d3 Bc5 5. a4 a6 6. Bg5 $146 ({RR} 6. c3 O-O 7. O-O d5 8. exd5 Nxd5 9. Nbd2 Bb6 10. Ne4 Kh8 11. Ng3 Nf4 12. d4 Bg4 13. h3 Bxf3 14. Qxf3 Ng6 15. d5 Nce7 16. Nf5 Nxf5 17. Qxf5 Qd6 18. b3 Rae8 19. a5 Bc5 20. b4 Ba7 {1-0 Osmak,I (2388)-Nosacheva,M (2243) Wch Rapid (Women) 2019 (3)}) ({RR} 6. O-O d6 7. c3 Ba7 8. h3 h6 9. Be3 g5 10. Bxa7 Rxa7 11. Nbd2 g4 12. hxg4 Bxg4 13. Qe1 Qe7 14. Qe3 Ra8 15. b4 Be6 16. b5 Na5 17. Bxe6 Qxe6 18. Nh4 Nh5 19. Nf5 Kd7 20. g3 Rhg8 {0-1 Sjugirov,S (2699)-Nakamura,H (2787) Titled Tue 4th Jul Late 2023 (8)}) ({RR} 6. Nc3 h6 7. h3 d6 8. a5 Bb4 9. Bd5 Nxd5 10. exd5 Ne7 11. O-O Bxc3 12. bxc3 Nxd5 13. d4 e4 14. c4 Nf6 15. Re1 O-O 16. Nh2 Bf5 17. Nf1 Re8 18. Rb1 Rb8 19. Ng3 Bg6 20. d5 c5 {1-0 Rosen,E (2361)-Pinheiro,I (2270) Titled Tue 27th Feb Late 2024 (10)}) ({RR} 6. O-O d6 7. c3 Ba7 8. a5 h6 9. Be3 O-O 10. h3 Re8 11. Qb3 Qe7 12. Nbd2 Nd7 13. Bxa7 Rxa7 14. d4 Nf6 15. Rfe1 Qf8 16. Bd3 Nh5 17. Nf1 Nf4 18. Bc2 Qe7 19. Ng3 Ra8 20. d5 Nd8 {1-0 Demchenko,A (2654)-Manukyan,A (2106) Titled Tuesday intern op 15th Feb Early blitz 2022 (6)}) ({RR} 6. O-O O-O 7. Bg5 d6 8. Nc3 h6 9. Bh4 Nd4 10. Nxd4 Bxd4 11. Bxf6 Qxf6 12. Nd5 Qd8 13. c3 Ba7 14. Ne3 Qg5 15. Qf3 Be6 16. Qg3 Qxg3 {½-½ Han,Y (2347)-Royal,S (2272) Ilkley EJCOA 3rd 2022 (2)}) 6... h6 7. Bh4 Be7 8. Bg3 d6 9. Nbd2 O-O 10. c3 g6 11. O-O Nh5 12. h3 Bg5 13. Bh2 Kg7 14. Re1 Qf6 15. Nf1 Be6 16. Bxe6 fxe6 17. b4 Bf4 18. Ra2 g5 19. Kh1 Bxh2 20. N1xh2 Qg6 21. g3 Nf6 22. Qb3 Nd7 23. d4 Qf6 24. Rd2 b5 25. a5 Rab8 26. d5 exd5 27. Qxd5 Ne7 28. Qa2 Qf7 29. Kg2 Qxa2 30. Rxa2 Nf6 31. Ng4 Kg6 32. Rc2 Nc6 33. Nd2 Ng8 34. Rh1 Nge7 35. Ne3 Rbc8 36. h4 Nd8 37. hxg5 hxg5 38. Ng4 Nf7 39. c4 Nc6 40. cxb5 Nd4 41. Rc3 axb5 42. Ne3 c6 43. Nf5 Nxf5 44. exf5+ Kxf5 45. Rhc1 c5 46. bxc5 dxc5 47. Rxc5 Rxc5 48. Rxc5 Rb8 49. Rc6 g4 50. a6 Nd8 51. Rc7 Ra8 52. a7 Ke6 53. Ne4 b4 54. Rc4 Rxa7 55. Rxb4 Rc7 56. Nd2 Nc6 57. Rxg4 Nd4 58. Rg8 Kf5 59. Rf8+ Kg6 60. Ne4 Rc6 61. Kh3 Kg7 62. Ra8 Rh6+ 63. Kg2 Rc6 64. Re8 Ne6 65. Kh3 Kf7 66. Ra8 Nd4 67. Ra5 Ke6 68. Kg4 Rb6 69. f3 Rc6 70. Ra8 Kf7 71. Ra7+ Kg6 72. Rd7 Nf5 73. Rd3 Rb6 74. Ra3 Rc6 75. Rd3 Rb6 76. Rc3 Ra6 77. Kh3 Nd4 78. Re3 Nf5 79. Rd3 Nd4 80. Nf2 Kf5 81. Re3 Ne6 82. Kg2 Ra5 83. Nd3 Ra2+ 84. Kg1 Ra1+ 85. Kf2 Ra2+ 86. Ke1 Ra5 87. g4+ Kf6 88. Kf2 Ra2+ 89. Kg3 Ra3 90. Kf2 Ra2+ 91. Re2 Ra5 92. Kg3 Ng5 93. Re3 Ra3 94. Nb4 Ra5 95. Rc3 Ne6 96. Nd3 Ra6 97. Nf2 Ng5 98. Kh4 Kg6 99. Re3 Kf6 100. Rb3 Kg6 101. Kg3 Kf6 102. Nd3 Rc6 103. Rb5 Nf7 104. Nb4 Rd6 105. Nd5+ Ke6 106. Ne3 Kf6 107. Nc4 Rc6 108. Nd2 Ng5 109. Kh4 Rd6 110. Ne4+ Nxe4 111. fxe4 Rd4 112. g5+ Ke6 113. Rb6+ Kf7 114. Kh5 Rxe4 115. Rb7+ Kf8 116. Kg6 Re1 117. Rf7+ Kg8 118. Rg7+ Kf8 119. Rf7+ Kg8 120. Ra7 Kf8 121. Ra8+ Ke7 122. Kg7 Rg1 123. g6 Rg2 124. Kh7 Rh2+ 125. Kg8 Rg2 126. g7 Rh2 127. Ra7+ Ke8 128. Rb7 Rh1 129. Rf7 Rh5 130. Rf2 Ke7 131. Rf8 Rh1 132. Rf7+ Ke6 133. Ra7 e4 134. Ra5 Kf6 135. Ra6+ Ke5 136. Ra8 e3 137. Re8+ Kd4 138. Re6 Rg1 139. Kf7 Kd3 140. Rd6+ Kc2 141. Rg6 Rxg6 142. Kxg6 e2 143. g8=Q e1=Q 144. Qa2+ Kd1 145. Qb1+ Kd2 146. Qxe1+ Kxe1 1/2-1/2

[Event "45th Olympiad 2024"]
[Site "Budapest HUN"]
[Date "2024.09.16"]
[Round "6.21"]
[Board "4"]
[White "Lavrencic, Matic"]
[Black "Rodgaard, John"]
[Result "1-0"]
[WhiteElo "2360"]
[BlackElo "2273"]
[PlyCount "67"]
[EventDate "2024.09.11"]
[WhiteTeam "Slovenia"]
[BlackTeam "Faroe Islands"]
[WhiteTeamCountry "SLO"]
[BlackTeamCountry "FAI"]

1. e4 c5 2. Nf3 e6 3. d4 cxd4 4. Nxd4 Nc6 5. Nc3 Qc7 6. Be3 a6 7. a3 b5 8. Nxc6 Qxc6 9. h4 ({RR} 9. Bd3 Bb7 10. f4 Bc5 11. Qe2 Rc8 12. g4 Ne7 13. f5 O-O 14. Rf1 f6 15. g5 exf5 16. Bxc5 Qxc5 17. gxf6 Rxf6 18. O-O-O f4 19. e5 f3 20. Qe1 Re6 21. Qh4 Ng6 22. Bxg6 Rxg6 23. Rxd7 Bc6 {1-0 Nepomniachtchi,I (2784)-Matlakov,M (2685) Titled Tuesday intern op 26th May blitz 2020 (10)}) 9... Bb7 10. h5 h6 11. Rh3 e5 $146 ({RR} 11... Rc8 12. Be2 Qc7 13. Qd3 Nf6 14. Rd1 b4 15. axb4 Bxb4 16. Kf1 Bxc3 17. bxc3 Bxe4 18. Qxa6 O-O 19. Rg3 Ra8 20. Qb6 Qxb6 21. Bxb6 Bxc2 22. Rc1 Be4 23. Bd4 Kh8 24. c4 Bc6 25. Kg1 Rg8 26. Bf3 {½-½ Kvaloy,A (2454)-Pranav,A (2519) Fagernes GM Open 2024 (6.9)}) ({RR} 11... Nf6 12. e5 Nd5 13. Nxd5 Qxd5 14. Qxd5 Bxd5 15. a4 b4 16. Bd4 Be7 17. a5 O-O 18. Rg3 Rfc8 19. Bd3 Bc5 20. Rg4 Be7 21. b3 Bc6 22. Kd2 Rcb8 23. Rh1 Bb5 24. Be4 Bc6 25. Bxc6 dxc6 26. Bb6 {1-0 Bracker,F (2356)-Fischer,E (2054) Bremen Silvester Open A 2022 (2.7)}) 12. Qd3 Nf6 13. O-O-O Bc5 14. Nd5 Nxd5 15. exd5 Bxe3+ 16. Rxe3 Qf6 17. Qe4 d6 18. f4 O-O-O 19. fxe5 dxe5 20. Be2 Rhe8 21. Qg4+ Kb8 22. Rf3 Qb6 23. Rxf7 Bxd5 24. Rxg7 e4 25. Qg3+ Ka8 26. Rg6 Qc5 27. Rxa6+ Kb7 28. Rxh6 Bc4 29. Rh7+ Ka8 30. Qg6 b4 31. axb4 Bxe2 32. Qxe4+ Rxe4 33. Rxd8+ Qc8 34. Rxc8# 1-0

[Event "45th Olympiad 2024"]
[Site "Budapest HUN"]
[Date "2024.09.16"]
[Round "6.22"]
[Board "2"]
[White "Krysa, Leandro"]
[Black "Pasko, Llambi"]
[Result "1/2-1/2"]
[WhiteElo "2495"]
[BlackElo "2396"]
[PlyCount "60"]
[EventDate "2024.09.11"]
[WhiteTeam "Argentina"]
[BlackTeam "Albania"]
[WhiteTeamCountry "ARG"]
[BlackTeamCountry "ALB"]

1. d4 d5 2. c4 c6 3. Nf3 Nf6 4. Nc3 e6 5. e3 Bd6 6. Bd3 O-O 7. e4 dxe4 8. Nxe4 Nxe4 9. Bxe4 Nd7 10. O-O e5 11. dxe5 Nxe5 12. Nxe5 Bxe5 13. Bxh7+ Kxh7 14. Qh5+ Kg8 15. Qxe5 Re8 16. Qg3 Qd4 17. Qf4 $146 ({RR} 17. Bf4 Bf5 18. b3 Rad8 19. Be3 Qb2 20. Bxa7 Bd3 21. Rfc1 Re6 22. h4 Be4 23. h5 Rd3 24. Be3 Qe2 25. Qh3 Qb2 26. Re1 f5 27. Qg3 Qf6 28. Qg5 Qe5 29. Qf4 Qb2 30. Rad1 Qxa2 31. Ra1 Qxb3 {1-0 Pavlovic,B-Tilstra,A Hoogovens-B Beverwijk 1956}) ({RR} 17. Bf4 Qxc4 18. Rfe1 Bf5 19. h4 Re2 20. Bb8 Qg4 21. Rxe2 Qxe2 22. f3 Qe8 23. Be5 Qf8 24. Bd6 Qd8 25. Re1 Be6 26. h5 Qf6 27. Bf4 Kh7 28. Re5 Bf5 29. Bg5 Qd6 30. Be7 Qd7 31. Bc5 b6 {0-1 Moiseenko,A (2575)-Solodovnichenko,Y (2519) UKR Universiad B1 6th 2003 (9)}) ({RR} 17. Be3 Qxc4 18. Rad1 Qg4 19. Qc7 Be6 20. Qxb7 Bd5 21. f3 Qa4 22. Bd4 Bxa2 23. Bc3 Qb5 24. Qd7 Be6 25. Qd6 Bd5 26. Qg3 Qc5+ 27. Kh1 Qf8 28. Rd4 f6 29. Rh4 Qf7 30. Ra1 a5 31. Raa4 Rad8 {1-0 Dolgun,C (2264)-Angun,B (2211) TCh-TUR 1st League 2024 (4.6)}) ({RR} 17. Bf4 Qxc4 18. Rac1 Qe4 19. Rc3 Qg6 20. Qxg6 fxg6 21. Re3 Rxe3 22. Bxe3 Be6 23. a3 Rd8 24. f3 a6 {½-½ Pytel,K (2400)-Mnatsakanian,E (2435) Yerevan Petrosian Memorial-01 1984 (2)}) 17... Qxf4 18. Bxf4 Re4 19. Be3 Rxc4 20. Rac1 Rxc1 21. Rxc1 Be6 22. a3 Bd5 23. f3 a5 24. Kf2 a4 25. g4 Ra5 26. Rc5 Rxc5 27. Bxc5 b5 28. h4 f6 29. h5 Kf7 30. Ke3 Be6 1/2-1/2

[Event "45th Olympiad 2024"]
[Site "Budapest HUN"]
[Date "2024.09.16"]
[Round "6.22"]
[Board "3"]
[White "Mehmeti, Dritan"]
[Black "Flores, Diego"]
[Result "0-1"]
[WhiteElo "2364"]
[BlackElo "2546"]
[PlyCount "100"]
[EventDate "2024.09.11"]
[WhiteTeam "Albania"]
[BlackTeam "Argentina"]
[WhiteTeamCountry "ALB"]
[BlackTeamCountry "ARG"]

1. d4 Nf6 2. Bg5 e6 3. e4 h6 4. Bxf6 Qxf6 5. c3 c5 6. Nf3 cxd4 7. cxd4 Bb4+ 8. Nc3 O-O 9. e5 Qe7 10. Bd3 d6 11. O-O dxe5 12. dxe5 Bxc3 13. bxc3 b6 14. Nd4 $146 ({RR} 14. Qe2 Bb7 15. Nd4 Nc6 16. Nb5 Rad8 17. Rad1 Rd5 18. f4 Qc5+ 19. Kh1 Ne7 20. Nd6 Ba8 21. c4 Rd4 22. Nb5 Rxd3 23. Qxd3 Nf5 24. Rd2 h5 25. h3 Be4 26. Qb3 h4 27. Kh2 g5 28. Re1 Ng3 {0-1 Gumerov,R (2275)-Usov,I (2090) Ufa op 2006 (9)}) ({RR} 14. Qe2 Bb7 15. Nd4 Nd7 16. f4 Rac8 17. Nb5 Nc5 18. Bb1 Ba6 19. c4 Bxb5 20. cxb5 Rfd8 21. Bc2 Rd4 22. Rad1 Rcd8 23. Rxd4 Rxd4 24. Rd1 Qd7 25. Kf2 g6 26. Ke3 Rd5 27. Rxd5 exd5 28. Qd2 Kf8 {0-1 Rendle,T (2384)-Adair,J (2399) BCF-chT1c 1314 (4NCL) Promotion pool 2013 (11.134)}) 14... Bb7 15. f4 Qc5 16. Rf2 Nc6 17. Nb5 Ne7 18. Nd6 Bc6 19. Bc2 Rfd8 20. Qd3 Nf5 21. Rd1 g6 22. Bb3 Rd7 23. Qc4 Qxc4 24. Nxc4 Rxd1+ 25. Bxd1 Rd8 26. Bf3 Bxf3 27. Rxf3 Rd1+ 28. Rf1 Rd3 29. Rf3 Rxf3 30. gxf3 Kf8 31. Kf2 Ke7 32. Ne3 Nxe3 33. Kxe3 Kd7 34. Kd4 Kc6 35. c4 b5 36. Kc3 Kc5 37. cxb5 Kxb5 38. Kb3 a5 39. h4 Kc5 40. Ka4 Kb6 41. Ka3 Kb5 42. Kb3 Kc5 43. Ka4 Kb6 44. Ka3 h5 45. Ka4 Ka6 46. Ka3 Kb5 47. Kb3 Kc5 48. Ka4 Kd4 49. Kxa5 Ke3 50. a4 Kxf4 0-1

[Event "45th Olympiad 2024"]
[Site "Budapest HUN"]
[Date "2024.09.16"]
[Round "6.23"]
[Board "1"]
[White "Macovei, Andrei"]
[Black "Greet, Andrew N"]
[Result "0-1"]
[WhiteElo "2464"]
[BlackElo "2405"]
[PlyCount "80"]
[EventDate "2024.09.11"]
[WhiteTeam "Moldova"]
[BlackTeam "Scotland"]
[WhiteTeamCountry "MDA"]
[BlackTeamCountry "SCO"]

1. e4 c6 2. d4 d5 3. e5 Bf5 4. Nf3 e6 5. Be2 Nd7 6. Nbd2 h6 7. O-O Ne7 8. c3 c5 ({RR} 8... Bh7 9. a4 a5 10. Re1 c5 11. dxc5 Nc6 12. Nb3 Nxc5 13. Be3 Nd7 14. Bb5 Be7 15. Nbd4 Qc7 16. Rc1 Nb6 17. c4 dxc4 18. Nd2 O-O 19. Nxc4 Nd5 20. Nd6 Nxe3 21. Rxe3 Bg5 22. Rec3 Bxc1 23. Qxc1 {½-½ Karjakin,S (2747)-Sjugirov,S (2712) Crocus City Stars Rapid 2023 (8.3)}) ({RR} 8... Ng6 9. Nb3 f6 10. Re1 fxe5 11. dxe5 Be7 12. Nfd4 Ngf8 13. Nxf5 exf5 14. e6 Nf6 15. Nd4 g6 16. Nxf5 Qc7 17. Nxe7 Qxe7 18. Bf4 Nxe6 19. Bg4 Nxg4 20. Qxg4 Kd7 21. Bg3 h5 22. Qxg6 Rag8 23. Qf5 {½-½ Shohat,Y (2410)-Kunal,M (2249) Titled Tue 7th May Early 2024 (5)}) ({RR} 8... g5 9. Re1 Bg7 10. Nf1 O-O 11. Ng3 f6 12. exf6 Nxf6 13. h4 g4 14. Ne5 h5 15. Bg5 Qe8 16. Bd3 Bxd3 17. Qxd3 Nh7 18. Bxe7 Qxe7 19. Ng6 Qf6 20. Nxf8 Rxf8 21. Re2 Qxh4 22. Rxe6 Ng5 23. Nf5 {1-0 Macovei,A (2453)-Martins,B (2327) Titled Tuesday intern op 31st May Early blitz 2022 (5)}) 9. dxc5 Nc6 10. Nd4 $146 ({RR} 10. b4 Ndxe5 11. Qa4 Nd7 12. Nd4 Nxd4 13. cxd4 Be7 14. Nf3 O-O 15. Be3 Bg4 16. b5 Nf6 17. Qb3 Ne4 18. a4 f5 19. Rfd1 Kh7 20. Bf4 Bf6 21. h3 Bh5 22. Ra2 Qa5 23. Rc2 g5 24. Bh2 f4 {1-0 Ponomariov,R (2712)-Navara,D (2734) China Elite Mind blitz 2016 (15)}) 10... Bh7 11. f4 Bxc5 12. N2f3 Be4 13. Be3 f5 14. Nd2 Bxd4 15. cxd4 Nb6 16. Qb3 Qd7 17. a4 Kf7 18. a5 Nc8 19. Qa3 N8e7 20. b4 a6 21. Nb3 Rab8 22. Nc5 Qe8 23. b5 axb5 24. Bxb5 g5 25. Qb3 Rg8 26. fxg5 hxg5 27. Nxe4 dxe4 28. Bc4 Qd7 29. Kh1 Rg6 30. g4 f4 31. Bxf4 gxf4 32. Rxf4+ Kg8 33. Raf1 Nxd4 34. Qh3 Nf3 35. Be2 Qd2 36. Rxe4 Ng5 37. Qa3 Nxe4 38. Qxe7 Qxe2 39. Qf7+ Kh8 40. Rf3 Ng5 0-1

[Event "45th Olympiad 2024"]
[Site "Budapest HUN"]
[Date "2024.09.16"]
[Round "6.23"]
[Board "2"]
[White "Olson, Hamish"]
[Black "Lashkin, Jegor"]
[Result "0-1"]
[WhiteElo "2384"]
[BlackElo "2472"]
[PlyCount "104"]
[EventDate "2024.09.11"]
[WhiteTeam "Scotland"]
[BlackTeam "Moldova"]
[WhiteTeamCountry "SCO"]
[BlackTeamCountry "MDA"]

1. Nf3 d5 2. g3 g6 3. Bg2 Bg7 4. d4 Nf6 5. O-O O-O 6. c4 c6 7. Qa4 Nfd7 8. cxd5 Nb6 9. Qd1 cxd5 10. Nc3 Nc6 11. h3 Be6 $146 ({RR} 11... Bf5 12. Bf4 Be4 {½-½ Siddharth,J (2331)-Pap,G (2493) Budapest Vezerkepzo GM Mix 2021 (4)}) ({RR} 11... Bf5 12. Bf4 Qd7 13. g4 Be6 14. e3 f6 15. Bg3 Kh8 16. Rc1 Bg8 17. e4 Bh6 18. e5 Bxc1 19. Qxc1 g5 20. Re1 Rac8 21. Qe3 h6 22. e6 Qe8 23. h4 Qg6 24. Bf1 Nb4 25. h5 Qh7 26. Rd1 {0-1 Hansen,T (2433)-Urkedal,F (2560) ch-NOR 2024 Storefjell NOR (5.4)}) 12. b3 Qc8 13. Kh2 Nxd4 14. Nxd4 Qxc3 15. Nxe6 Qxa1 16. Nxf8 Rxf8 17. Be3 Qxd1 18. Rxd1 e6 19. Bxb6 axb6 20. e4 d4 21. f4 e5 22. Bf1 Re8 23. Bd3 Bh6 24. Rf1 Kg7 25. Kg2 Re7 26. a4 f5 27. fxe5 fxe4 28. Bxe4 Rxe5 29. Bd3 Bg5 30. Bc4 Bf6 31. h4 Re7 32. Rf3 h5 33. Rf1 Re5 34. Bd3 Rc5 35. Bc4 Re5 36. Bd3 Re8 37. Bc4 Re3 38. Rf3 Rc3 39. Bb5 Be5 40. Bc4 Kh6 41. Bb5 g5 42. hxg5+ Kxg5 43. Bc4 Bd6 44. Rd3 Bc5 45. Bb5 Kf5 46. Kf3 Bd6 47. Bc4 Bxg3 48. Rxc3 dxc3 49. Ke3 Bd6 50. Kd4 Bb4 51. Bd3+ Kf4 52. Kc4 h4 0-1